| 000 | 00514 a2200193 4500 | ||
|---|---|---|---|
| 005 | 20260205124049.0 | ||
| 008 | 260205b |||||||| |||| 00| 0 eng d | ||
| 020 |
_a9789394384682 _cRs. 1850.00 |
||
| 040 | _aMAIN | ||
| 082 |
_a355.02 _bM687D |
||
| 100 | _aMishra, Anup | ||
| 245 | _aDefence and strategic study | ||
| 260 |
_bSaddle Publishers _c2023 _aDelhi |
||
| 300 | _aviii, 276 | ||
| 650 | _aMilitary Science | ||
| 650 | _aDefence Strategic Development | ||
| 650 | _aWarefare Systems | ||
| 942 | _cBK | ||
| 999 |
_c395449 _d395449 |
||